Soul of the tiger : (Record no. 344783)
[ view plain ]
| 000 -LEADER | |
|---|---|
| fixed length control field | 00876nam a2200325Ia 4500 |
| 008 - FIXED-LENGTH DATA ELEMENTS--GENERAL INFORMATION | |
| fixed length control field | 171025s9999 xx 000 0 und d |
| 020 ## - INTERNATIONAL STANDARD BOOK NUMBER | |
| International Standard Book Number | 385242255 |
| 050 ## - LIBRARY OF CONGRESS CALL NUMBER | |
| Classification number | 333.95 |
| 050 ## - LIBRARY OF CONGRESS CALL NUMBER | |
| Item number | M478 1988 |
| 100 ## - MAIN ENTRY--PERSONAL NAME | |
| Personal name | McNeely, Jeffrey |
| 245 ## - TITLE STATEMENT | |
| Title | Soul of the tiger : |
| 245 ## - TITLE STATEMENT | |
| Remainder of title | searching for nature's answers in exotic Southeast Asia / |
| 245 ## - TITLE STATEMENT | |
| Statement of responsibility, etc | Jeffrey McNeely. |
| 260 ## - PUBLICATION, DISTRIBUTION, ETC. (IMPRINT) | |
| Place of publication, distribution, etc | USA : |
| 260 ## - PUBLICATION, DISTRIBUTION, ETC. (IMPRINT) | |
| Name of publisher, distributor, etc | Doubleday, |
| 260 ## - PUBLICATION, DISTRIBUTION, ETC. (IMPRINT) | |
| Date of publication, distribution, etc | 1988 |
| 300 ## - PHYSICAL DESCRIPTION | |
| Extent | xviii, 390 pages : |
| 300 ## - PHYSICAL DESCRIPTION | |
| Other physical details | illustrations ; |
| 300 ## - PHYSICAL DESCRIPTION | |
| Dimensions | 24cm. |
| 650 ## - SUBJECT ADDED ENTRY--TOPICAL TERM | |
| Topical term or geographic name as entry element | Animals and civilization -- |
| 650 ## - SUBJECT ADDED ENTRY--TOPICAL TERM | |
| Topical term or geographic name as entry element | Man -- |
| 650 ## - SUBJECT ADDED ENTRY--TOPICAL TERM | |
| Topical term or geographic name as entry element | Natural resources -- |
| 650 ## - SUBJECT ADDED ENTRY--TOPICAL TERM | |
| Topical term or geographic name as entry element | Southeast Asia -- |
| 650 ## - SUBJECT ADDED ENTRY--TOPICAL TERM | |
| General subdivision | Economics of land and energy. |
| 650 ## - SUBJECT ADDED ENTRY--TOPICAL TERM | |
| General subdivision | Influence on nature. |
| 650 ## - SUBJECT ADDED ENTRY--TOPICAL TERM | |
| General subdivision | Social life and customs. |
| 650 ## - SUBJECT ADDED ENTRY--TOPICAL TERM | |
| General subdivision | Southeast Asia. |
| 700 ## - ADDED ENTRY--PERSONAL NAME | |
| Personal name | Title. |
| 700 ## - ADDED ENTRY--PERSONAL NAME | |
| Personal name | Wachtel, Paul Spencer. |
| Withdrawn status | Lost status | Damaged status | Home library | Current library | Date acquired | Total Checkouts | Full call number | Barcode | Date last seen | Price effective from | Koha item type |
|---|---|---|---|---|---|---|---|---|---|---|---|
| Stonyhurst Southville International School (Malarayat) | Stonyhurst Southville International School (Malarayat) | 10/25/2017 | SHS 333.95 M478 1988 | SSISM3836 | 10/25/2017 | 10/25/2017 | Books |